[Event "Stay Safe Play From Home 292"]
[Site "Emanuel Lasker Arena"]
[Date "2020.07.10"]
[Round "8"]
[White "Bardellosport"]
[Black "Lamborghini"]
[Result "1-0"]
[WhiteElo "1958"]
[BlackElo "2235"]
[Annotator "TA"]
[PlyCount "119"]
[EventDate "2020.07.10"]
[EventType "swiss (blitz)"]

{[%evp 9,119,-21,1,-38,-12,-29,-43,-41,-16,-14,12,-18,-15,-47,9,-15,6,-19,-19,-37,-30,-122,-98,-137,-50,-166,19,-47,-47,-45,-48,-46,-39,-35,125,135,134,114,125,55,62,46,77,77,179,194,232,107,107,106,104,-7,0,0,0,-530,-22,-429,79,76,116,110,152,124,119,-17,131,98,90,87,100,83,87,48,89,104,102,0,78,0,99,-156,-145,-484,688,194,191,31,28,45,38,35,58,0,251,-1300,-1220,-29980,-29981,-6689,-6474,-29986,-29987,-29985,-29981,-29987,-29988,-29987,-29985,-29990,-1371,-29993]} 1. d4 Nf6 2. e3 g6 3. f4 Bg7 4. Nf3 O-O 5. Bd3 d6 6. Qe2 {A45: Trompowsky Attack.} c5 7. c3 cxd4 {[#]} 8. exd4 $146 {Black is slightly better.} ({Predecessor:} 8. cxd4 Nbd7 9. O-O Re8 10. f5 e5 11. fxg6 hxg6 12. dxe5 Nxe5 13. Nxe5 Rxe5 14. Nc3 Bd7 15. Qf3 Qe7 16. e4 Ng4 17. Qg3 Rh5 18. Be2 Bd4+ {0-1 (18) Vermunt,J (1830)-Mercier,L (1886) Metz 2010}) 8... b6 9. Nbd2 Bb7 10. Ne4 Nbd7 11. Nxf6+ Nxf6 (11... exf6 $15 12. O-O Re8) 12. O-O Qc7 13. Ng5 e6 14. Ne4 Nd5 15. g4 (15. a4 $11) 15... Rae8 16. g5 Kh8 (16... e5 $1 $17 {[%cal Re5d4]} 17. dxe5 dxe5) 17. h4 (17. Bb5 $15) 17... Ne7 $2 (17... e5 $1 $19 {[%cal Re5d4]} 18. fxe5 dxe5) 18. Ng3 (18. h5 $11 Kg8 19. Bd2) 18... Nf5 $15 19. Nxf5 exf5 20. Qf2 Qc6 {[%csl Gb7][%cal Rc6h1]} 21. Kh2 Re4 $2 (21... h5 $15 {keeps the upper hand.}) 22. Bxe4 $16 fxe4 23. Be3 Bc8 24. Qg3 (24. h5 $16 {Threatens to win with h6.} gxh5 25. f5) 24... Bf5 $14 25. Rf2 h5 26. gxh6 Bxh6 {[#]} (26... Bf6 $16) 27. h5 $1 $18 Kg7 {[#]} (27... gxh5 28. Qh4) 28. Rg1 (28. d5 $1 $18 {is more deadly.} Qxd5 29. hxg6) 28... Rh8 29. Kg2 Kg8 30. Kf1 (30. Rh1 $16) 30... Bg7 31. hxg6 fxg6 {...Rh3 is the strong threat.} 32. Qg5 $2 {[%mdl 8192] [#]} (32. Rh2 $11 {and White stays safe.}) 32... Qc4+ $2 ({Black should try} 32... Kf7 $1 $19 33. Re2 Qc4) 33. Re2 $2 {[%mdl 8192]} (33. Kg2 $1 $11) 33... Qe6 $2 ({Better is} 33... Kf7 $19 34. Bf2 Bf6) 34. Qd8+ $16 Kf7 35. Qc7+ Qe7 36. Qxe7+ Kxe7 37. Reg2 ({White should play} 37. d5 $16) 37... Kf7 (37... Bh3 $11) 38. Kf2 d5 39. Re1 Bf6 40. Re2 Rh3 41. Kg1 Bh4 42. Rh2 Rg3+ 43. Rhg2 Rh3 $1 44. Rh2 Rg3+ $1 45. Kf1 $2 {[%mdl 8192]} (45. Reg2 $16 {and life is bright. aiming for Rxg3.} Rxe3 46. Rxh4) 45... Bh3+ $17 {[%mdl 1024] Black has strong compensation.} 46. Ke1 $2 {[%mdl 8192]} (46. Rxh3 $17 {nothing else works.} Rxh3 47. Bf2) 46... Rg1+ $4 {[%mdl 8192]} (46... Rxe3+ $1 $19 47. Kd1 Rd3+ 48. Rd2 Rf3) 47. Kd2 $18 Rg3 48. Bf2 $2 (48. Rh1 $18 {Strongly threatening Reh2.} Be7 49. Reh2) 48... Rd3+ $14 49. Kc2 Bxf2 $1 50. Rexf2 {[%mdl 4096] Endgame KRR-KRB} Bf5 51. Rh7+ (51. Re2 $14) 51... Kg8 $2 {[%mdl 8192]} (51... Kf6 $11 {and Black is okay.} 52. Rd2 (52. Rxa7 $2 e3 $19) 52... Rg3) 52. Rxa7 $4 {[%mdl 8192]} (52. Rfh2 $18) 52... e3 $1 $19 {[%csl LRd4,LRf2]} 53. Rh2 Rd2+ $1 {[%mdl 64] Double Attack} 54. Kb3 Rxh2 {KRB-KR} 55. Ra8+ Kf7 56. Ra7+ Kf6 57. Ra8 Be6 58. Rf8+ Bf7 59. Rh8 e2 (59... Rxh8 $142 60. Kc2 Kf5 61. a3 Kxf4 62. c4 dxc4 63. d5 Bxd5 64. b3 e2 65. Kd2 Re8 66. Ke1 Ke3 67. b4 Rh8 68. b5 Rh1#) 60. Rh3 {[%mdl 32768] Accuracy: White = 38%, Black = 46%. . Loss on time!?} 1-0

[Event "Stay Safe Play From Home 292"]
[Site "Emanuel Lasker Arena"]
[Date "2020.07.10"]
[Round "8"]
[White "Grazie"]
[Black "Lazieri3"]
[Result "0-1"]
[WhiteElo "1954"]
[BlackElo "2076"]
[Annotator "TA"]
[PlyCount "120"]
[EventDate "2020.07.10"]
[EventType "swiss (blitz)"]

{[%evp 9,119,-18,12,-29,-7,-7,-7,-7,0,-4,11,15,8,12,11,10,22,-9,-8,-9,8,11,14,0,12,0,0,-7,7,14,100,25,26,24,29,8,19,13,77,-20,15,-30,-23,-30,-37,-18,-22,-631,-629,-609,-561,-712,-725,-786,-700,-844,-1127,-1290,-1092,-1200,-1199,-1257,-984,-5306,-1386,-1434,-1426,-1386,-696,-29978,-29980,-29980,-29979,-29979,-29977,-29980,-29981,-29981,-29982,-29984,-29985,-29985,-29986,-29986,-29987,-29987,-29988,-29988,-29989,-29989,-29988,-29992,-29993,-29993,-29992,-29994,-29993,-29993,-29994,-29994,-29994,-29995,-29996,-29996,-29997,-29997,-29998,-29999,-29998,-29998,-29999,-29999]} 1. d4 c6 2. c3 d5 3. g3 Nf6 4. Bg2 Bf5 5. Nf3 Nbd7 {[#]} 6. Bg5 $146 {D02: 1 d4 d5 2 Nf3 sidelines, including 2...Nf6 3 g3 and 2...Nf6 3 Bf4.} ({Predecessor:} 6. O-O h6 7. Bf4 e6 8. Qb3 Qb6 9. Nbd2 g5 10. Be5 Nxe5 11. Nxe5 Qxb3 12. axb3 Bd6 13. f3 {½-½ (38) Boguszlavszkij,J (2212)-Teh,E (2304) Budapest 2015}) 6... Ne4 7. Bc1 h6 8. Nbd2 {The position is equal.} Nxd2 9. Nxd2 Nf6 10. O-O e6 11. Re1 Bd6 12. e4 dxe4 13. Bxe4 Nxe4 14. Nxe4 Bxe4 15. Rxe4 O-O 16. Qb3 Qb6 17. Qxb6 axb6 18. a3 c5 19. Be3 cxd4 (19... Rfe8 $11) 20. Bxd4 (20. Rxd4 $16 Rad8 21. Rad1) 20... Bc5 $11 21. Rd1 Rfd8 22. Ree1 Rac8 23. Kf1 Rd7 (23... Bxd4 $11 {remains equal.} 24. Rxd4 Rxd4 25. cxd4 Rc2) 24. Ke2 (24. Bxc5 $16 Rxd1 25. Rxd1 bxc5 26. Rd7) 24... Rcd8 {[%cal Rc5d4]} 25. f3 (25. Bxc5 {is interesting.} bxc5 26. b4 cxb4 27. axb4 Rxd1 28. Rxd1 Rxd1 29. Kxd1 Kf8 30. c4) 25... Bxd4 26. cxd4 Rxd4 27. Rxd4 Rxd4 28. Rd1 $2 {[%mdl 8192] [#] Loses the game.} (28. Rc1 $11) 28... Rxd1 $19 29. Kxd1 {[%mdl 4096] Endgame KP-KP} e5 30. Kd2 f5 31. Kd3 Kf7 32. Kc4 Ke6 33. b4 Kd6 34. a4 Kc6 35. h4 Kd6 36. Kb5 e4 (36... Kd5 $142 37. g4 fxg4 {[%mdl 64] Overworked Piece} 38. fxg4 e4) 37. fxe4 fxe4 38. Kc4 Ke5 {White must now prevent ...h5.} 39. Kc3 h5 {Black mates.} 40. Kc2 Kd4 41. Kd2 Kc4 42. Ke3 Kxb4 43. Kxe4 Kxa4 44. Kf4 b5 45. Kg5 b4 46. Kxh5 {K3P-KPP} b3 47. Kg6 b2 48. Kxg7 b1=Q 49. g4 Qb4 50. Kh6 Qxg4 51. h5 b5 52. Kh7 Qxh5+ 53. Kg7 Qf5 54. Kh6 b4 55. Kg7 b3 56. Kh6 b2 57. Kg7 b1=Q 58. Kh6 Qbf1 59. Kg7 Qg1+ 60. Kh6 Qh3# {Accuracy: White = 55%, Black = 82%.} 0-1

[Event "Stay Safe Play From Home 292"]
[Site "Emanuel Lasker Arena"]
[Date "2020.07.10"]
[Round "8"]
[White "Greblah"]
[Black "Mepe_Nika"]
[Result "0-1"]
[WhiteElo "1882"]
[BlackElo "2372"]
[Annotator "TA"]
[PlyCount "96"]
[EventDate "2020.07.10"]
[EventType "swiss (blitz)"]

{[%evp 15,96,-14,-12,-19,-4,-5,-10,-16,-21,-18,8,7,10,1,12,0,7,-14,7,-1,0,0,8,8,20,-1,0,-8,-7,-8,9,0,0,-9,0,-11,-8,-8,-8,-9,-8,-8,0,-8,162,0,84,0,0,-8,-8,-16,0,0,0,-31,-31,-28,0,-1,0,-278,-295,-464,-444,-374,-261,-375,-137,-1259,-1250,-6399,-6395,-5685,-466,-441,-425,-416,-408,-389,-385,-490,-423]} 1. e4 e5 2. Nf3 Nc6 3. Bb5 a6 4. Ba4 Nf6 5. Qe2 b5 6. Bb3 Bc5 7. c3 d6 8. d3 O-O 9. Nbd2 {[%cal Bb1d2,Bd2f1,Bf1e3][%mdl 32] C77: Ruy Lopez: 3...a6 4 Ba4 Nf6, unusual lines.} Re8 10. Nf1 h6 {[#]} 11. Be3 $146 {The position is equal.} ({Predecessor:} 11. Ng3 Be6 12. O-O Qc8 13. Nh4 Ne7 14. Kh1 Kh8 15. f4 exf4 16. Rxf4 Ng6 17. Nxg6+ fxg6 {½-½ (30) Petzold,H (2156)-Hoelting,S (1919) Dresden 2012}) 11... Bxe3 12. Nxe3 Be6 13. Bxe6 Rxe6 14. O-O d5 15. Nf5 Ne7 16. Nxe7+ Rxe7 17. Rad1 c6 18. Rfe1 dxe4 19. dxe4 Qc7 20. Rd2 Rd8 21. Red1 Rxd2 22. Rxd2 Nd7 23. Nh4 g6 24. f3 Nc5 25. g3 Ne6 26. Ng2 Rd7 27. Ne3 Rxd2 28. Qxd2 Qb6 29. Kf1 {Threatening Ng4.} Kg7 $2 {[#]} (29... h5 $1 $11) 30. Ke2 $2 (30. Ng4 $1 $18 {[%mdl 512]} g5 31. Nxe5) 30... a5 {[#]} (30... h5 $11 {remains equal.}) 31. b3 (31. Ng4 $1 $16 {[%mdl 512]} g5 32. Qd6 (32. Nxe5 Qg1 $11)) 31... Qc5 32. Qd3 (32. Ng4 {is interesting.} g5 33. h4 Qg1 34. Ne3 Qh2+ 35. Kd1) 32... Qa3 33. Qc2 a4 34. bxa4 bxa4 35. Nd1 Qc5 36. Ne3 Qa3 37. Qd2 Qc5 38. Nc2 $2 {[%mdl 8192] [#]} (38. Ng4 $11 {and White stays safe.} g5 39. Qb2) 38... Qc4+ $1 $19 39. Qd3 (39. Kd1 $142 Qxa2 40. Qd6) 39... Qxa2 40. Kd2 Qb3 41. Qa6 (41. Qd6 {is a better defense.}) 41... Qb5 $2 (41... Qb1 $19 {is more deadly. Hoping for ...Nc5.} 42. Qa7 {[#]} a3 $1 {[%mdl 512]} 43. Qxa3 Qh1) 42. Qa8 $2 {[%mdl 8192]} (42. Qxb5 $17 cxb5 43. Na3) 42... Nc5 43. Qe8 Qd3+ {[%mdl 64] Double Attack} 44. Kc1 Nb3+ (44... Qf1+ $142 45. Kd2 Nb3+ 46. Ke3 Qc1+ {[%mdl 64] Double Attack} 47. Kf2 Qxc2+ {[%mdl 64] Double Attack} 48. Kg1 Qd1+ 49. Kf2 Qc2+ 50. Kg1 Qxc3) 45. Kb2 Qd6 46. Qa8 Nd2 47. Qxa4 Nxf3 48. Qb3 Nxh2 {Accuracy: White = 62%, Black = 71%.} 0-1

[Event "Stay Safe Play From Home 292"]
[Site "Emanuel Lasker Arena"]
[Date "2020.07.10"]
[Round "8"]
[White "Chase the sun"]
[Black "Haris kollari 13"]
[Result "1-0"]
[WhiteElo "1821"]
[BlackElo "1716"]
[Annotator "NA"]
[PlyCount "35"]
[EventDate "2020.07.10"]
[EventType "swiss (blitz)"]

{Lerch, Martin Erik} 1. e4 {[%emt 0:00:02]} e6 {[%emt 0:00:00]} 2. b3 {[%emt 0:00:02]} d5 {[%emt 0:00:00]} 3. Bb2 {[%emt 0:00:01]} dxe4 {[%emt 0:00:01]} 4. Nc3 {[%emt 0:00:01]} f5 {[%emt 0:00:01]} 5. f3 {[%emt 0:00:01]} exf3 {[%emt 0:00:01]} 6. Nxf3 {[%emt 0:00:00]} Nc6 {[%emt 0:00:01]} 7. Bc4 {[%emt 0:00:02]} Nf6 {[%emt 0:00:01]} 8. Qe2 {[%emt 0:00:00]} Qd7 {[%emt 0:00:10]} 9. O-O-O {[%emt 0:00:01]} Bd6 {[%emt 0:00:02]} 10. Rhe1 {[%emt 0:00:01]} Nd8 {[%emt 0:00:02]} 11. d4 {[%emt 0:00:02]} a6 {[%emt 0:00:04]} 12. d5 {[%emt 0:00:01]} e5 {[%emt 0:00:07]} 13. Nxe5 {[%emt 0:00:01]} Bxe5 {[%emt 0:00:01]} 14. Qxe5+ {[%emt 0:00:00]} Kf8 {[%emt 0:00:01]} 15. d6 {[%emt 0:00:07]} c6 {[%emt 0:00:02]} 16. Qe7+ {[%emt 0:00:02]} Qxe7 {[%emt 0:00:05]} 17. dxe7+ {[%emt 0:00:00]} Ke8 {[%emt 0:00:10]} 18. Rxd8# {[%emt 0:00:02] (Lag: Av=0.43s, max=0.9s)} 1-0

[Event "Stay Safe Play From Home 292"]
[Site "Emanuel Lasker Arena"]
[Date "2020.07.10"]
[Round "8"]
[White "Edmatuag"]
[Black "Klasman"]
[Result "1-0"]
[WhiteElo "1630"]
[BlackElo "1363"]
[Annotator "NA RC"]
[PlyCount "67"]
[EventDate "2020.07.10"]
[EventType "swiss (blitz)"]

1. e3 {[%emt 0:00:02]} f5 {[%emt 0:00:01]} 2. d4 {[%emt 0:00:01]} c5 {[%emt 0:00:01]} 3. Bd3 {[%emt 0:00:00]} cxd4 {[%emt 0:00:01]} 4. exd4 {[%emt 0:00:01]} d5 {[%emt 0:00:01]} 5. Nf3 {[%emt 0:00:01]} e6 {[%emt 0:00:01]} 6. Bf4 {[%emt 0:00:01]} Nc6 {[%emt 0:00:02]} 7. O-O {[%emt 0:00:01]} Qb6 {[%emt 0:00:01]} 8. Nc3 {[%emt 0:00:03]} Qxb2 {[%emt 0:00:02]} 9. Qd2 {[%emt 0:00:01]} Bb4 {[%emt 0:00:04]} 10. Na4 {[%emt 0:00:08]} Qxa1 {[%emt 0:00:04]} 11. Rxa1 {[%emt 0:00:03]} Bxd2 {[%emt 0:00:02]} 12. Bxd2 {[%emt 0:00:04]} Nf6 {[%emt 0:00:02]} 13. Nc5 {[%emt 0:00:01]} b6 {[%emt 0:00:03]} 14. Nb3 {[%emt 0:00:04]} a5 {[%emt 0:00:02]} 15. Bg5 {[%emt 0:00:01]} a4 {[%emt 0:00:01]} 16. Nbd2 {[%emt 0:00:01]} h6 {[%emt 0:00:02]} 17. Bxf6 {[%emt 0:00:01]} gxf6 {[%emt 0:00:01]} 18. c3 {[%emt 0:00:00]} Ba6 {[%emt 0:00:01]} 19. Bc2 {[%emt 0:00:03]} b5 {[%emt 0:00:02]} 20. Nh4 {[%emt 0:00:01]} Kf7 {[%emt 0:00:02]} 21. Ndf3 {[%emt 0:00:01]} Rhg8 {[%emt 0:00:01]} 22. g3 {[%emt 0:00:01]} f4 {[%emt 0:00:02]} 23. Ng2 {[%emt 0:00:00]} fxg3 {[%emt 0:00:01]} 24. fxg3 {[%emt 0:00:00]} Rac8 {[%emt 0:00:02]} 25. Rf1 {[%emt 0:00:04]} Ne7 {[%emt 0:00:01]} 26. Ne5+ {[%emt 0:00:03]} Ke8 {[%emt 0:00:03]} 27. Rxf6 {[%emt 0:00:03]} Rg5 {[%emt 0:00:02]} 28. Rxe6 {[%emt 0:00:01]} Rxe5 {[%emt 0:00:02]} 29. Rxe5 {[%emt 0:00:01]} b4 {[%emt 0:00:01]} 30. Bg6+ {[%emt 0:00:01]} Kf8 {[%emt 0:00:03]} 31. Bh5 {[%emt 0:00:00]} bxc3 {[%emt 0:00:01]} 32. Re6 {[%emt 0:00:00]} c2 {[%emt 0:00:01]} 33. Rxa6 {[%emt 0:00:01]} c1=Q+ {[%emt 0:00:01]} 34. Kf2 {[%emt 0:00:01] Time (Lag: Av=0.52s, max=0.7s)} 1-0

[Event "Stay Safe Play From Home 292"]
[Site "Emanuel Lasker Arena"]
[Date "2020.07.10"]
[Round "9"]
[White "Broken sword"]
[Black "Bardellosport"]
[Result "1-0"]
[WhiteElo "2515"]
[BlackElo "1986"]
[Annotator "TA"]
[PlyCount "31"]
[EventDate "2020.07.10"]
[EventType "swiss (blitz)"]

{[%evp 9,31,45,45,49,49,49,54,53,49,46,55,37,36,42,83,53,114,61,54,-170,565,338,505,513]} 1. e4 e6 2. d4 d5 3. Nd2 c6 4. c3 f5 5. exf5 exf5 6. Bd3 {[#] B12: Caro-Kann: Advance Variation.} Nf6 $146 ({Predecessor:} 6... Bd6 7. Ndf3 Nf6 8. Ne2 O-O 9. O-O Ne4 10. c4 Nd7 11. Nc3 Ndf6 12. Ne5 Re8 {1-0 (61) Kostrikina,A (2157)-Todua,A (1666) Dombai 2013}) 7. Ne2 Ne4 8. Nf3 {White is slightly better.} Bd6 9. Bf4 O-O 10. O-O Bxf4 11. Nxf4 Qe7 12. Re1 Be6 ({Black should play} 12... g5 $14) 13. Ne5 (13. Qb3 $16) 13... Nd7 $14 14. f3 $2 {[#]} (14. Nxd7 $14 Bxd7 15. f3) 14... Nef6 $4 {[%mdl 8192]} (14... Nxe5 $19 {avoids the disaster.} 15. fxe4 Nxd3 16. Nxd3 fxe4) 15. Qc2 Nxe5 (15... Nb6 {was necessary.} 16. a4 (16. Bxf5 Bxf5 17. Qxf5 Rae8 $16) 16... Rfe8) 16. Rxe5 {[%mdl 64] Double Attack. Accuracy: White = 34%, Black = 43%.} ({Less strong is} 16. dxe5 Nd7 $14) 1-0

[Event "Stay Safe Play From Home 292"]
[Site "Emanuel Lasker Arena"]
[Date "2020.07.10"]
[Round "9"]
[White "AChessPlayer"]
[Black "Greblah"]
[Result "1-0"]
[WhiteElo "2385"]
[BlackElo "1880"]
[Annotator "TA"]
[PlyCount "117"]
[EventDate "2020.07.10"]
[EventType "swiss (blitz)"]

{[%evp 12,117,2,0,2,0,25,24,18,-4,19,22,11,0,0,-18,4,0,58,56,81,33,84,-35,-12,-37,0,-10,2,-21,0,-37,-8,-27,24,9,86,36,49,33,120,114,102,14,18,17,59,-218,-221,-337,-360,-307,-168,-156,-148,-291,-241,-475,-452,-684,-669,-868,-512,-354,0,-143,-178,-178,-129,-165,-127,-785,-278,-217,-56,-209,124,120,129,146,1112,1039,1619,1558,1395,1697,1168,805,1111,588,4914,4660,29991,29992,29992,29992,29992,29993,29994,29995,29995,29996,29999,29996,29996,29997,29997,29998]} 1. Nf3 c6 2. g3 d5 3. Bg2 Nf6 4. O-O g6 5. d4 Bg7 6. Bf4 O-O 7. Qc1 Nbd7 {D02: 1 d4 d5 2 Nf3 sidelines, including 2...Nf6 3 g3 and 2...Nf6 3 Bf4.} 8. Bh6 Re8 9. Bxg7 Kxg7 {White has an edge.} 10. Nbd2 {[#]} Ne4 $146 ({Predecessor:} 10... e5 11. dxe5 Nxe5 12. Nxe5 Rxe5 13. e3 Be6 14. b3 Qd7 15. Qb2 Rh5 16. Rfd1 Qe7 {½-½ (42) Treger,E (2276)-Lapshun,Y (2429) New York 2000}) 11. Nxe4 dxe4 12. Nd2 f5 13. e3 Nf6 14. c4 Be6 (14... e5 $11) 15. Qc3 Bf7 16. b3 a5 (16... Qd6 $14) 17. f4 (17. f3 $16) 17... Qb6 18. a3 Rad8 19. Rad1 Kg8 20. h3 h6 21. Kh2 Kh7 22. Rg1 Nh5 (22... Qc7 $142) 23. Bf1 a4 (23... c5 $11) 24. b4 Qc7 25. Be2 Rc8 ({Better is} 25... g5 $14) 26. Bxh5 $16 gxh5 27. Nf1 (27. c5 $16) 27... Rg8 28. Qc2 b5 {[%cal Bb7b5,Bb5c4][%mdl 32]} 29. d5 $2 {[%mdl 8192]} (29. Nd2 $14 {keeps the upper hand.}) 29... bxc4 $19 30. dxc6 (30. h4 {is a better defense.}) 30... Qxc6 31. Qc3 Qg6 (31... Qf6 $142 32. Rd4 h4) 32. Rd4 {[#]} h4 $1 {[%mdl 512]} 33. g4 (33. Rd1 $17) (33. gxh4 Qxg1#) 33... fxg4 34. Rxg4 $2 (34. hxg4 {was the only chance.} Qe6 35. Qc2) 34... Qf6 35. Qe1 (35. Nd2 $142 Qf5 36. Nxe4 Rxg4 37. hxg4 Qxg4 38. Qc2) 35... Be6 36. Rxh4 Qg7 {[%csl Gg8][%cal Rg7g2]} 37. Ng3 Qf6 $2 (37... c3 $19 {Strongly threatening ...c2.} 38. Rd1 Rc6) 38. Rh5 (38. Nxe4 $11 {keeps the balance.} Qg6 39. Ng5+ Kg7 40. Nxe6+ Qxe6 41. Rd2) 38... Bf7 $17 39. Rc5 ({Much worse is} 39. Nxe4 Qg6 $19) 39... Rxc5 40. bxc5 Qg7 41. Rxe4 $2 {[%mdl 8192]} (41. Qf2 $17) 41... Bd5 $2 (41... Qb2+ $2 42. Ne2 $17) (41... c3 42. f5 Qxg3+ $1 {[%mdl 512]} 43. Qxg3 Rxg3 44. Kxg3 c2) 42. Rd4 $19 {[#]} e6 $2 (42... c3 $1 $19 {[%cal Rc3c2][%mdl 512] ( -> ...c2)} 43. Rd1 (43. Rxd5 $2 c2 $19) (43. Qxc3 Qxg3#) 43... Bf3) 43. Qb1+ $2 (43. Rd2 $15) 43... Qg6 $2 (43... Kh8 $19 {[%csl Gg8][%cal Rg7g3]} 44. Qg1 c3) 44. Qxg6+ $16 {White leaves nothing to chance now.} Kxg6 45. e4 Bxe4 $2 {[%mdl 8192]} (45... Bc6 $16) 46. Rxe4 {[%mdl 4096] Endgame KRN-KR} Rb8 47. Rxc4 Rb2+ 48. Kg1 Rb1+ 49. Nf1 Rb3 50. Rxa4 Rf3 51. Rc4 Rxf4 52. Rxf4 {White mates.} Kg5 53. Rc4 Kf6 54. c6 Ke7 55. c7 Kd6 56. c8=Q Kd5 57. Qc6+ Ke5 58. Re4+ Kf6 59. Qxe6+ {Accuracy: White = 44%, Black = 38%.} 1-0

[Event "Stay Safe Play From Home 292"]
[Site "Emanuel Lasker Arena"]
[Date "2020.07.10"]
[Round "9"]
[White "MarkonY"]
[Black "SoulofWolf"]
[Result "1-0"]
[WhiteElo "2316"]
[BlackElo "2237"]
[Annotator "TA"]
[PlyCount "63"]
[EventDate "2020.07.10"]
[EventType "swiss (blitz)"]

{[%evp 9,63,-54,38,28,31,0,9,-26,-15,-29,0,0,11,-13,21,-14,32,20,37,34,37,29,24,23,66,64,60,60,318,309,309,306,366,239,245,220,242,157,250,133,211,82,133,123,864,845,1044,1015,1095,1077,29970,5006,29970,29971,5118,5070]} 1. d4 c5 2. c4 e6 3. d5 Nf6 4. dxe6 fxe6 5. Nc3 Be7 ({Better is} 5... d5 $1 $15) 6. e4 $14 {A60: Modern Benoni: Early Divergences.} O-O {[#]} 7. f3 $146 ({Predecessor:} 7. Bd3 Nc6 8. Nf3 a6 9. O-O Ng4 10. h3 Nge5 11. Nxe5 Nxe5 12. f4 Nxd3 13. Qxd3 {0-1 (33) Heyne,K (1145)-Ollek,K (1686) Berlin 2006}) 7... d6 8. Be3 {The position is equal.} Nc6 9. Qd2 Qc7 10. Nge2 a6 11. b3 Rd8 12. Ng3 b6 13. Rc1 Bb7 14. Be2 Rd7 15. O-O Rad8 16. Rfd1 d5 17. exd5 exd5 18. cxd5 {Nf5 is the strong threat.} Nxd5 $2 {[%mdl 8192]} (18... Kh8 $14) 19. Nxd5 $18 Rxd5 20. Bc4 {[%mdl 64] Pin} Nb4 21. a3 Kh8 22. Bxd5 Nxd5 23. Qe2 Re8 {[#]} (23... Bc6 $16 {was called for.} 24. Ne4 Qe5) 24. Qf2 ({White should play} 24. Bg5 $1 $18 {[%mdl 512]}) 24... Bf6 {[#]} (24... Bc6 $16 {keeps fighting.}) 25. Ne4 (25. Bd4 $1 $18 {[%mdl 512] is more deadly.}) 25... Nxe3 (25... Be5 $142) 26. Qxe3 $16 Bd4 $2 {[%mdl 8192] [#]} (26... Be5 $16) 27. Qxd4 $1 $18 {[%mdl 512]} cxd4 28. Rxc7 Bxe4 29. fxe4 Rd8 {[#]} 30. Rxd4 $1 {[%cal Rd4d8]} Re8 (30... Rxd4 31. Rc8+) 31. Rdc4 Rg8 32. Rc8 {[%mdl 64] Back Rank. Accuracy: White = 43%, Black = 34%.} 1-0

[Event "Stay Safe Play From Home 292"]
[Site "Emanuel Lasker Arena"]
[Date "2020.07.10"]
[Round "9"]
[White "Lamborghini"]
[Black "Chase the sun"]
[Result "0-1"]
[WhiteElo "2207"]
[BlackElo "1833"]
[Annotator "TA"]
[PlyCount "62"]
[EventDate "2020.07.10"]
[EventType "swiss (blitz)"]

{[%evp 11,62,31,33,-95,-6,-29,-42,-60,21,5,13,-535,-530,-513,-524,-533,-500,-503,-490,-612,-596,-650,-626,-688,-679,-762,-748,-739,-687,-724,-647,-650,-644,-685,-679,-660,-682,-735,-682,-866,-871,-866,-854,-830,-816,-777,-765,-4599,-632,-1148,-1089,-29992,-29993]} 1. e4 e6 2. d4 d5 3. Nd2 Nf6 4. e5 Nfd7 5. Bd3 c5 6. c3 Nc6 7. f4 {C06: French Tarrasch: 3...Nf6 4 e5 Nfd7 5 Bd3 main lines.} (7. Ne2 $14 {keeps the upper hand.}) 7... Qb6 (7... cxd4 $17 8. Nb3 dxc3 9. bxc3 Nc5) 8. Ngf3 cxd4 9. cxd4 {Black is slightly better.} f6 (9... Nxd4 $15 10. Nxd4 Qxd4 {[%mdl 64] Double Attack}) 10. O-O $11 {[#]} Nxd4 $146 ({Predecessor:} 10... fxe5 11. fxe5 Ndxe5 12. Nxe5 Nxe5 13. Qh5+ Ng6 14. Bxg6+ hxg6 15. Qxh8 Qxd4+ 16. Kh1 Qc5 17. Nb3 {1-0 (17) McKenzie,C-Fourzoli,N (2119) ICC INT 2009}) 11. Nxd4 $4 {[%mdl 8192] Now White is beyond hope.} (11. Kh1 $11) 11... Qxd4+ $19 {[%mdl 64] [#] Double Attack} 12. Kh1 Qxd3 13. Rf3 Qg6 14. f5 exf5 15. exf6 Nxf6 16. Nf1 Bd6 17. Qb3 O-O 18. Bf4 Bxf4 19. Rxf4 Ne4 20. Ng3 Nxg3+ 21. hxg3 Qh6+ 22. Rh4 Qd6 23. Rd1 Be6 24. Rhd4 Rad8 25. a3 f4 26. gxf4 Rxf4 27. Qe3 Rxd4 28. Qxd4 Bf7 29. Qxa7 Qh6+ 30. Kg1 {[#]} d4 $1 {...Qe3+ is the strong threat.} 31. Qb6 (31. Rxd4 Qe3+) 31... Qxb6 0-1

[Event "Stay Safe Play From Home 292"]
[Site "Emanuel Lasker Arena"]
[Date "2020.07.10"]
[Round "9"]
[White "Lazieri3"]
[Black "Mepe_Nika"]
[Result "0-1"]
[WhiteElo "2087"]
[BlackElo "2374"]
[Annotator "TA"]
[PlyCount "48"]
[EventDate "2020.07.10"]
[EventType "swiss (blitz)"]

{[%evp 9,48,205,190,201,235,216,233,232,219,47,53,48,38,47,79,74,81,0,0,0,0,0,12,3,2,0,60,-163,160,145,145,35,258,256,243,210,226,166,156,133,136]} 1. e4 d5 2. exd5 c6 3. dxc6 e5 4. Nf3 e4 5. cxb7 Bxb7 6. Bb5+ {B01: Scandinavian Defence.} Nd7 7. Ne5 $1 Ngf6 {[#]} 8. Nxd7 $146 ({Predecessor:} 8. O-O Bd6 9. Nxd7 Nxd7 10. Qg4 f5 11. Qxg7 Rf8 12. d4 a6 13. Ba4 Qc7 14. Qxd7+ Qxd7 15. Bxd7+ Kxd7 {1-0 (49) Magalhaes,S (1770)-Noguerol,A (1500) Brasilia 2013}) 8... Nxd7 9. Bxd7+ $2 (9. O-O $18) 9... Qxd7 $14 10. O-O Bd6 11. d3 O-O {[#]} 12. dxe4 $1 {Strongly threatening Bf4!} Bxe4 {[#]} 13. Nc3 (13. Bf4 $1 $16 {[%mdl 512]} Rfd8 (13... Bxf4 14. Qxd7) 14. Nc3 Bxg2 15. Kxg2 Bxf4 16. Qxd7 Rxd7 17. Rad1) 13... Bc6 $1 $11 14. Be3 Rad8 {White should prevent ...Bxh2+!} 15. Qh5 Qb7 16. Qg4 Rfe8 17. Rad1 Be5 (17... Re6 $11 18. g3 Bg2) 18. Na4 $2 (18. Rxd8 $14 {stays ahead.} Rxd8 19. Bc1) 18... Bxa4 $2 ({Black should play} 18... h5 $19 19. Qxh5 Rxd1 20. Rxd1 Bxa4) 19. Qxa4 $16 Qxb2 20. Qxa7 (20. c4 $16) 20... Bb8 $2 (20... Ra8 $14 21. Qc5 Qxa2) 21. Rxd8 $18 Rxd8 22. Qa5 {[%cal Ra5d8] White is clearly better.} Re8 23. h3 Qxc2 24. a4 Qc7 {[%mdl 32768] Accuracy: White = 57%, Black = 57%. . Loss on time!?} 0-1